เปลี่ยนเป็นภาษาไทย

Change to English
 แสดงรายละเอียดบรรณานุกรม
  กลับหน้าหลัก

Brief Record : Get Marc (ISO 2709) : E-mail record : QR code ปิดหน้าต่าง
LEADER 00000nam 2200000uu 4500
001    17992
003     ULIBM
008    020711s|||| th a 000 0 tha d
020    9789742991616
100    สำนักงานสำรวจสุขภาพประชาชน สถาบันวิจัยระบบสาธารณสุข
245    รายงานการสำรวจการบริโภคอาหารของคนไทย
250    พิมพ์ครั้งที่ 4
260    นนทบุรี :^bม.ป.ท.,^cม.ป.ป.
300    200 หน้า
รายการนี้ยังไม่มีแท็ก
คุณยังไม่ได้ล็อกอิน คุณสามารถมีกิจกรรมร่วมกับเว็บไซต์ได้ แต่ต้องล็อกอินก่อน ::
  ล็อกอิน
ลำดับที่ ประเภท เลขเรียก/บาร์โค้ด สถานที่ สถานะ
1. หนังสือ
หนังสือ
c.1 
  Barcode: 0003347
หนังสือทั่วไป On Shelf
   [แสดง 1/1 รายการ]

BibComment


ยังไม่เคยถูกคอมเมนท์

คอมเมนท์ทรัพยากรรายการนี้
  คอมเมนท์: รายงานการสำรวจการ..
Bib 17992


 Union Library Management : ULibM
Copyright 2026. All Rights Reserved.